Heart attack & blood pressure / (Record no. 27207)

MARC details
000 -LEADER
fixed length control field 00902nam a22002657a 4500
005 - DATE AND TIME OF LATEST TRANSACTION
control field 20090604121111.0
008 - FIXED-LENGTH DATA ELEMENTS--GENERAL INFORMATION
fixed length control field 090216t xxu||||| |||| 00| 0 eng d
010 ## - LCCN (DPL NO)
LC control number ENG-93878
020 ## - INTERNATIONAL STANDARD BOOK NUMBER
International Standard Book Number 9788190570312
Terms of availability 250.00
035 ## - SYSTEM CONTROL NUMBER
System control number EN-77411
037 ## - SOURCE OF ACQUISITION
Source of stock number/acquisition DBAD / PUB
037 ## - SOURCE OF ACQUISITION
Source of stock number/acquisition Kunal Prakashan
040 ## - CATALOGING SOURCE
Original cataloging agency dpl
Language of cataloging English
082 ## - DEWEY DECIMAL CLASSIFICATION NUMBER
Classification number 616.123
100 ## - MAIN ENTRY--PERSONAL NAME
Personal name Sethi, Nitin
245 ## - TITLE STATEMENT
Title Heart attack & blood pressure /
Statement of responsibility, etc by Nitin Sethi
260 ## - PUBLICATION, DISTRIBUTION, ETC. (IMPRINT)
Place of publication, distribution, etc NOIDA
Name of publisher, distributor, etc Metro Pubishing
Date of publication, distribution, etc 2008
270 ## - ADDRESS
Address B-114, Sector - 55,
City NOIDA
300 ## - PHYSICAL DESCRIPTION
Extent 200p.:
Dimensions 22cm(Hb)
Other physical details ill.
650 ## - SUBJECT ADDED ENTRY--TOPICAL TERM
Topical term or geographic name as entry element Heart
General subdivision Diseases
650 ## - SUBJECT ADDED ENTRY--TOPICAL TERM
Topical term or geographic name as entry element Blood pressure
942 ## - ADDED ENTRY ELEMENTS (KOHA)
Source of classification or shelving scheme Dewey Decimal Classification
Item type English Books
Call number suffix SET
Classification part 616.123
Holdings
Withdrawn status Lost status Source of classification or shelving scheme Damaged status Not for loan Collection code Home library Current library Date acquired Source of acquisition Cost, normal purchase price Total Checkouts Full call number Barcode Date last seen Copy number Cost, replacement price Koha item type
    Dewey Decimal Classification   Not For Loan Non-fiction D.B.Act.Division D.B.Act.Division 04/06/2009 DBAD / PUB 250.00   616.123 SET EN-77411 04/06/2009 1 250.00 English Books

© Delhi Public Library
Hit Counter
free hit counter